| 000 | 00416cam a2200169ua 4500 | ||
|---|---|---|---|
| 041 |
_aeng _h |
||
| 082 |
_a384.53 _bLOG/MO |
||
| 100 | _aLogsdon, Tom. | ||
| 245 |
_aMobile Communication Satellites / _cTom Logsdon. _hTextual Documents |
||
| 250 |
_a1 / _b. |
||
| 260 |
_aNew York : _bMcGraw Hill Book Company , _c1995. |
||
| 300 | _a277 ; . | ||
| 500 | _a*CSS | ||
| 504 | _a | ||
| 942 | _cBK | ||
| 999 |
_c3525 _d3525 |
||